000 00453nam a22001697a 4500
003 LK-CoMWRAF
005 20230928112937.0
008 230928b |||||||| |||| 00| 0 eng d
040 _aLK-CoMWRAF
_dLK-CoMWRAF
_eLK-CoMWRAF
041 _aeng
082 _a297
_bMAU
100 _aMaududi, Sayyid Abul A'la
245 _aTowards understanding Islam
260 _aIndiana (U.S.A.) :
_bAmerican Trust Publications,
_c1977
650 _aIslam
942 _cBK
999 _c3722
_d3722